000 00333nam a2200121Ia 4500
005 20251222144810.0
008 251222s9999||||xx |||||||||||||| ||spa||
082 _a027/R68
100 _aRivera Serna, Rayl
245 0 _aPrincipios de Archivología y Paleografía
264 _bUniversidad Nacional Mayor de San Marcos
942 _cLIB
999 _c20061
_d20061